| 000 | 00514nam a22001817a 4500 | ||
|---|---|---|---|
| 003 | OSt | ||
| 005 | 20140310181740.0 | ||
| 008 | 130322t xxu||||| |||| 00| 0 eng d | ||
| 050 |
_aLB1575 _bW55 1968 |
||
| 082 |
_aLB1575 . _bW55 1968 |
||
| 245 |
_aChildren's literature: _bstrategies of teaching _cRobert Whitehead |
||
| 260 |
_aEnglewood Cliffs, N.J., _bPrentice-Hall _cc1968. |
||
| 300 |
_avi, 234 p.: _billus.; _c23 cm. |
||
| 521 | _aTeacher | ||
| 541 | _j1 | ||
| 562 | _e1 | ||
| 942 |
_2lcc _cBK-TR _kTR |
||
| 999 |
_c2751 _d2751 |
||